1839 1806 1156 1294 1550 1049 1714 1351 1512 1001 1092 1379 1911 1071 1050 1615 1604 1136 1422 1706 1187 1067 1950 1130 1345 1811 1634 1049 1096 1443 1167 1036 1478 1532 1604 1873 1994 1691 1359 1405 1955 1142 1405 1132 1312 1649 1634 1251 1860 1013 1021 1254 1826 1958 1767 1890 1577 1309 1223 1485 1018 1016 1821 1765 1051 1143 1664 1086 1343 1675 1406 1831 1597 1967 1582 1357 1585 1252 1641 1085 1796 1765 1627 1949 1895 1078 1188 1284 1050 1607 1702 1232 1337 1693 1502 1671 1007 1757 1286 BCNSPRNW ULIB Ver.6.0+V

เปลี่ยนเป็นภาษาไทย

Change to English
 แสดงรายละเอียดบรรณานุกรม
  กลับหน้าหลัก

Brief Record : Get Marc (ISO 2709) : E-mail record : QR code < ปิดหน้าต่าง
LEADER : 00000nam 2200000uu 4500
001    13399111913
003     ULIB
008    110627s2556||||th 000 0 tha d
020    9786160610655
090    นว.^bป524ร
100 0  ปัญญ์ปรียา
245 00 รักกำลังดี/^cปัญญ์ปรียา
250    พิมพ์ครั้งที่ 2
260    กรุงเทพฯ :^bแจ่มใส,^c2556
300    240 หน้า
710 1  แจ่มใส
945    ^p249^l0^i021013
995    ทศพร
999 ^a ใช้งานได้ทุกระบบ
รายการนี้ยังไม่มีแท็ก
คุณยังไม่ได้ล็อกอิน คุณสามารถมีกิจกรรมร่วมกับเว็บไซต์ได้ แต่ต้องล็อกอินก่อน ::
  ล็อกอิน

รายการสื่อสารสนเทศ

ลำดับที่ ประเภท เลขเรียก/บาร์โค้ด สถานที่ สถานะ
1. นวนิยาย
นวนิยาย
นว. ป524ร ฉ.1 
  Barcode: 021013
ห้องสมุดวิทยาเขตสวรรค์ประชารักษ์
►นวนิยาย
บนชั้น
  ขอยืม

รายการใกล้เคียง
    ผู้แต่ง [ปัญญ์ปรียา]

BibComment


ยังไม่เคยถูกคอมเมนท์

คอมเมนท์ทรัพยากรรายการนี้
  คอมเมนท์: รักกำลังดี ปัญญ์ป..


 Copyright 2026. Bcnsprnw @Library